[Event "18th Cvijet Mediterana 2018"]
[Site "Rijeka"]
[Date "2018.02.27"]
[Round "3.1"]
[White "Velickovski-Nejkovic, Maja"]
[Black "Doluhanova, Evgeniya"]
[Result "0-1"]
[WhiteElo "2186"]
[BlackElo "2319"]
[Annotator "TA"]
[PlyCount "98"]
[EventDate "2018.??.??"]
[EventCountry "CRO"]
[SourceTitle "playchess.com"]
[Source "ChessBase"]
[SourceQuality "1"]

{[%evp 14,98,33,23,72,40,36,22,67,61,54,66,99,97,128,61,81,80,105,87,120,125,102,102,110,79,82,60,68,64,62,43,77,42,29,17,11,13,24,23,57,47,57,-341,34,45,99,105,118,98,108,53,38,57,45,38,135,-247,-247,-1808,-1745,-1743,-1682,-1608,-1578,-1747,-1711,-1539,-1698,-5331,-1669,-1598,-1412,-5081,-2970,-29985,-29986,-29986,-29987,-29987,-29986,-29984,-29984,-29985,-29986,-29988,-29989]} 1. c4 Nf6 2. Nc3 e6 {[%cal Be7e6,Be6d5][%mdl 32]} 3. e4 d5 4. cxd5 exd5 5. e5 Ne4 6. Nf3 Nc6 7. Bb5 Bc5 {A18: English Opening: Flohr-Mikenas System (1 c4 Nf6 2 Nc3 e6 3 e4)} (7... Be7 8. O-O O-O 9. d4 Bf5 10. Be3 Nxc3 11. bxc3 Na5 12. Nd2 Rc8 13. f4 c5 14. g4 Bd7 15. Bxd7 Qxd7 {½-½ (66) Gelfand,B (2697)-Oparin,G (2602) Moscow 2017}) 8. d4 {LiveBook: 4 Games} Bb4 9. Qb3 (9. O-O {is interesting.} O-O 10. Ne2 h6 11. Be3 Ne7 12. Bd3) 9... O-O {White is slightly better.} 10. O-O {[#] aiming for Bxc6.} Nxc3 $146 ({Predecessor:} 10... Bxc3 11. bxc3 Bf5 12. Be3 a6 13. Be2 Na5 14. Qb4 c6 15. Ne1 {1-0 (33) Pratyusha,B (2163)-Vishwanath,P (1935) Mumbai 2018}) 11. bxc3 Be7 12. Bd3 f5 13. exf6 Bxf6 14. Qc2 ({White should try} 14. Ba3 $16 Rf7 15. Rae1) 14... h6 15. Ba3 Be7 16. Bxe7 Qxe7 17. Rae1 Qf6 18. Ne5 Nxe5 19. Rxe5 c6 20. Rfe1 Bd7 $1 21. Bg6 b5 22. R1e3 (22. g3 {with more complications.} a5 23. f4 b4 24. f5 Qg5 25. c4) 22... Rad8 23. Rf3 Qd6 24. Rg3 Rf6 25. h4 Rdf8 26. h5 Rf4 ({Avoid the trap} 26... Rxf2 $2 27. Qxf2 Rxf2 28. Kxf2 $18) 27. Bh7+ Kh8 28. Rg6 $2 {[%mdl 8192]} (28. Qg6 $14 {keeps the upper hand.} Qf6 29. Qxf6 R4xf6 30. Bg6 (30. Re7 R6f7 $11)) 28... R4f6 $2 (28... Qa3 $19 29. Re2 Re4 30. Rxe4 dxe4 31. Qxe4 Bf5 32. Qxc6 Kxh7) 29. Rxf6 $14 Qxf6 (29... Rxf6 $14 30. Bg6 c5) 30. Bg6 $16 a5 31. Qe2 b4 32. Bb1 (32. cxb4 $16 axb4 33. Qe1) 32... bxc3 $14 33. Qc2 {[%csl Gb1][%cal Rc2h7]} g6 $1 34. hxg6 Rb8 (34... Kg7 $14) 35. Rh5 $2 {[%mdl 8192] [#]} (35. Qd3 $16 {and life is bright.}) 35... Rb2 $1 $19 {[%cal Rb2c2]} 36. Rxh6+ $2 (36. g7+ Kxg7 37. Qh7+ Kf8 38. Bc2 Rxa2 39. Re5 Ra1+ 40. Bb1) 36... Kg8 37. Rh7 Rxc2 38. Bxc2 Be8 39. Rh3 Qxd4 40. Re3 Bd7 41. Rd3 Qb4 42. Re3 Qb2 43. Re2 c5 {[%cal Bc6c5,Bc5c4][%mdl 32]} 44. f4 Qc1+ {Black mates.} 45. Kh2 Qxf4+ 46. Kg1 Qc1+ 47. Kh2 c4 48. Rf2 Qh6+ 49. Kg1 Qe3 {Precision: White = 39%, Black = 35%.} 0-1

[Event "18th Cvijet Mediterana 2018"]
[Site "Rijeka"]
[Date "2018.02.27"]
[Round "3.2"]
[White "Cvitan, Ena"]
[Black "Kejzar, Petra"]
[Result "1-0"]
[WhiteElo "2222"]
[BlackElo "2039"]
[Annotator "TA"]
[PlyCount "69"]
[EventDate "2018.??.??"]
[EventCountry "CRO"]
[SourceTitle "playchess.com"]
[Source "ChessBase"]
[SourceQuality "1"]

{[%evp 14,69,27,29,51,35,61,61,52,56,148,140,227,222,224,221,311,230,368,286,295,218,285,283,269,270,301,254,261,236,269,269,268,262,337,297,466,475,497,486,498,481,475,470,501,484,750,737,727,687,1128,1116,1131,1090,5687,5225,4918,2919]} 1. d4 d5 2. Nf3 Nf6 3. Bf4 Bf5 4. c4 c6 5. Qb3 Qb6 6. c5 {D02: 1 d4 d5 2 Nf3 sidelines, including 2...Nf6 3 g3 and 2...Nf6 3 Bf4} Qxb3 7. axb3 Na6 8. Nc3 {LiveBook: 8 Games. White has an edge.} h6 9. h3 g5 10. Bh2 $146 ({Find the theoretical novelty and annotate with similar games:} 10. Be5 Rg8 11. e3 Nb4 12. Ra4 Nd3+ 13. Bxd3 Bxd3 14. Bxf6 exf6 15. Kd2 Bf5 {1-0 (30) Doettling,F (2475)-Algars,O (2130) Fuerth 1999}) 10... Bg7 11. Ra4 Bc2 (11... O-O $14) 12. e3 $16 Bxb3 (12... Nb8 $16) 13. Bxa6 $18 bxa6 14. Rxa6 O-O (14... Ne4 {was worth a try.} 15. Nd2 (15. Rxc6 Nxc3 16. bxc3 a5 $16) 15... Nxd2) 15. Rxc6 Rfc8 (15... Ne4 $142 16. Nd2 Nxc3 17. Nxb3 Na4) 16. Ra6 Bc4 17. Ra5 Nd7 18. Kd2 e5 19. Rha1 a6 20. Kc2 Rab8 21. Nxe5 Nxe5 22. Bxe5 ({Weaker is} 22. dxe5 Rb4 $16) 22... Bxe5 23. dxe5 Re8 24. c6 {[%cal Bc5c6,Bc6c7][%mdl 32]} Rbc8 (24... Rec8 $142 25. Rc5 (25. Nxd5 Bxd5 26. Rxd5 Rxc6+ 27. Kb1 Rbc8 $18) 25... Rb6) 25. Rc5 {White is clearly winning.} Re6 26. b3 Bb5 27. Nxb5 axb5 {[%mdl 4096] Endgame KRR-KRR} 28. c7 Rxe5 29. Kc3 Kf8 (29... Re4 $142 30. Kd3 Kf8) 30. Kb4 Ke7 31. Kxb5 f5 32. Kc6 f4 33. Kb7 Kd7 34. exf4 gxf4 35. Rd1 {Precision: White = 87%, Black = 32%.} 1-0

[Event "18th Cvijet Mediterana 2018"]
[Site "Rijeka"]
[Date "2018.02.27"]
[Round "3.3"]
[White "Vujnovic, Patricija"]
[Black "Tomilova, Elena"]
[Result "1/2-1/2"]
[WhiteElo "2083"]
[BlackElo "2331"]
[Annotator "TA"]
[PlyCount "147"]
[EventDate "2018.??.??"]
[EventCountry "CRO"]
[SourceTitle "playchess.com"]
[Source "ChessBase"]
[SourceQuality "1"]

{[%evp 24,147,-21,-25,-26,-27,50,-4,93,-20,-16,-18,-29,-30,-27,-27,-31,-26,-26,-26,-10,-70,-29,-70,-64,-91,-89,-93,-60,-60,-41,-41,-32,-62,-62,-62,-62,-66,-66,-76,-25,-47,-18,-27,-18,-65,-18,-18,-18,-18,-18,-18,-18,-18,-18,-18,0,-18,-18,-18,-18,-35,-56,-64,-49,-100,-93,-92,-8,-8,0,-98,-54,-100,-53,-108,-105,-90,0,-90,0,-106,-106,-122,-132,-152,-139,-457,-214,-727,-438,-438,-406,-438,-438,-708,-597,-356,0,-699,-330,-305,-267,-218,-126,-119,-118,-197,-56,-53,-52,-79,-79,-79,-37,-41,-39,-38,-38,-38,-33,-27,-21,-21,-22,-21]} 1. d4 Nf6 2. Nf3 b6 3. c4 Bb7 4. g3 g6 5. Bg2 Bg7 6. O-O O-O 7. Nc3 Ne4 8. Nxe4 Bxe4 9. b3 c5 10. Bb2 Nc6 11. e3 d5 12. Qe2 {A50: Queen's Fianchetto Defence (1 d4 Nf6 2 c4 b6)} cxd4 13. exd4 {LiveBook: 3 Games} Rc8 14. Rfd1 {Black has an edge.} Qc7 $146 (14... Bxf3 $11 15. Bxf3 dxc4) ({Find the theoretical novelty and annotate with similar games:} 14... Bxf3 15. Bxf3 dxc4 16. Bxc6 Rxc6 17. d5 {½-½ (17) Titan,M (2217)-Tratar,M (2462) Portoroz 2016}) 15. Rac1 (15. Bh3 $14) 15... Qb7 {[#]} (15... Rfd8 $11) 16. Ne1 (16. Bh3 $1 $16) 16... Bxg2 $11 17. Nxg2 Rfd8 18. cxd5 Nxd4 19. Bxd4 Rxc1 20. Rxc1 Bxd4 21. Nf4 Bc5 22. Rd1 (22. Qe4 $11) 22... Bd6 23. Qg4 Qc8 24. Qxc8 Rxc8 $15 {[%mdl 4096] Endgame KRB-KRN} 25. Rd2 Kg7 26. Nd3 b5 27. Kg2 g5 28. h3 Kf6 29. Kf3 a5 30. Ke4 a4 31. Kd4 a3 (31... h5 $17) 32. Re2 h5 33. g4 Rh8 34. f3 hxg4 35. hxg4 Rh3 36. Ke4 Rh1 37. Rc2 Rd1 38. Re2 Bg3 39. Rc2 Bd6 40. Re2 Kg6 41. Rc2 Rh1 42. Kd4 f5 43. Rg2 Rh3 44. gxf5+ ({Better is} 44. Ne5+ $15 Bxe5+ 45. Kxe5) 44... Kxf5 $17 45. Rf2 Bb8 ({Black should try} 45... Rh4+ $17 46. Ke3 Rh3) 46. Re2 $11 Bd6 (46... Kf6 $11) 47. Rf2 $1 $17 Rh1 48. Kc3 Rd1 49. Kc2 ({White should play} 49. Re2 $15) 49... Ra1 50. Kc3 Rd1 51. Kc2 $1 {[%cal Rc2d1]} Rh1 (51... Rg1 {NOTEXT} 52. Kc3 Rg3 53. Kd4 Rh3 54. Kc3 Rh4) 52. Kc3 $1 Rh4 53. Re2 b4+ 54. Kc2 Rd4 55. Nf2 $2 {[%mdl 8192]} (55. Kd2 $17 {is a better chance.}) 55... Rxd5 (55... Kf4 $142 56. Nh3+ Kxf3 57. Ng1+ Kf4 58. Rf2+ Ke4 59. Re2+ Kf5) 56. Ne4 $2 (56. Rd2 Rc5+ 57. Kd1) 56... Bf4 57. Rg2 Rd8 58. Re2 e6 59. Rg2 Rd5 60. Re2 Rd8 $2 (60... Rd7 61. Rg2 Rd8) 61. Rg2 $19 Rc8+ (61... Be3 $142 62. Nd2 Bxd2 63. Rxd2 Rc8+ 64. Kd1 Kf4) 62. Kd3 Rc1 63. Re2 Bc7 (63... Rf1 $19 64. Rf2 Rd1+ 65. Ke2 Rh1) 64. Rg2 $17 Bd8 65. Re2 (65. Rd2 $17 {was forced.}) 65... Rb1 (65... Rd1+ $19 66. Kc2 Rd7) 66. Nd6+ $1 $15 Kf4 {And now ...Rd1+ would win.} 67. Rxe6 Kxf3 68. Nf7 Rd1+ 69. Kc4 g4 {...Bc7 is the strong threat.} 70. Ne5+ $1 Kf4 {[#] Threatens to win with ...Kf5.} 71. Nxg4 $1 {[%mdl 512]} Kxg4 72. Kxb4 Kf5 73. Re2 Rd7 {Strongly threatening ...Be7+.} 74. Kxa3 {Precision: White = 51%, Black = 32%.} 1/2-1/2

[Event "18th Cvijet Mediterana 2018"]
[Site "Rijeka"]
[Date "2018.02.27"]
[Round "3.4"]
[White "Prudnykova, Olga"]
[Black "Tsatsalashvili, Keti"]
[Result "1/2-1/2"]
[WhiteElo "2282"]
[BlackElo "2307"]
[Annotator "TA"]
[PlyCount "23"]
[EventDate "2018.??.??"]
[EventCountry "CRO"]
[SourceTitle "playchess.com"]
[Source "ChessBase"]
[SourceQuality "1"]

{[%evp 21,23,27,34,0]} 1. e4 c6 2. d4 d5 3. exd5 cxd5 4. c4 Nf6 5. Nc3 Nc6 6. Nf3 Be6 7. c5 g6 8. Bb5 Bg7 9. Ne5 Bd7 10. Bxc6 bxc6 11. O-O O-O {LiveBook: 6 Games} 12. a3 $146 {B13: Caro-Kann: Exchange Variation and Panov-Botvinnik Attack} ({Find the theoretical novelty and annotate with similar games:} 12. Re1 Qc8 13. h3 Re8 14. Bf4 Qb7 15. Qb3 Qa6 16. Qa4 Qxa4 17. Nxa4 Rac8 18. Nc3 Bf5 19. g4 Be6 {½-½ (53) Vogt,L (2395)-Romero Holmes,A (2488) Bilbao 2014}) 1/2-1/2

[Event "18th Cvijet Mediterana 2018"]
[Site "Rijeka"]
[Date "2018.02.27"]
[Round "3.5"]
[White "Berke, Ana"]
[Black "Medic, Mirjana"]
[Result "1-0"]
[WhiteElo "2151"]
[BlackElo "2131"]
[Annotator "TA"]
[PlyCount "85"]
[EventDate "2018.??.??"]
[EventCountry "CRO"]
[SourceTitle "playchess.com"]
[Source "ChessBase"]
[SourceQuality "1"]

{[%evp 13,85,27,36,27,53,47,22,0,16,0,0,-47,0,-42,-43,-43,-10,-37,-20,-30,-14,-29,0,-20,-21,-87,14,-39,-42,-43,-7,-9,0,-3,-5,-6,-9,-14,-13,-12,8,0,0,0,14,0,331,343,433,425,468,460,445,431,438,432,433,421,389,393,555,451,410,376,2128,736,2890,2895,29995,29990,29994,29995,29995,2491]} 1. e4 e6 2. c4 d5 3. exd5 exd5 4. cxd5 Qxd5 5. d4 Nf6 6. Nf3 {C21: Danish Gambit} (6. Nc3 Bb4 7. Nf3 O-O 8. Be2 Qa5 9. Bd2 c6 10. O-O Bf5 11. Ne5 Nbd7 12. Nc4 Qc7 13. Ne3 Be6 {½-½ (75) Sulskis,S (2546)-Beinoras,M (2351) Vilnius 2016}) 6... Be7 7. Nc3 Qd8 {LiveBook: 3 Games} 8. Bd3 {White is slightly better.} Bg4 9. O-O O-O 10. Re1 Nc6 (10... c6 11. Bc2 Re8 12. Qd3 Nbd7 13. Ng5 Nf8 14. Bb3 Nd5 15. Nxd5 cxd5 16. Nf3 Be6 17. Bd2 Ng6 18. h3 {½-½ (18) Berke,A (2153)-Medic,M (2149) Rijeka 2017}) 11. Be3 Nb4 12. Bc4 c6 (12... Bxf3 $5 13. gxf3 Qd7 $11) 13. Bf4 $146 ({Predecessor:} 13. a3 Nbd5 14. Qb3 Bxf3 15. gxf3 Nb6 16. Bd3 Re8 17. Kh1 {½-½ (64) Postupa,P (2126)-Vrana,J (2348) Czechia 2011}) 13... Bxf3 14. gxf3 Nbd5 (14... Qd7 {is more complex.} 15. Bg3 a5 16. a3 Nbd5 17. Qd3 Rfe8) 15. Be5 Nxc3 16. bxc3 Nd5 17. Kh1 Bf6 18. Qb3 Nb6 19. Bd3 (19. Kg2 $11 {remains equal.}) 19... Re8 (19... Bxe5 $17 20. Rxe5 Qf6) 20. Qc2 (20. f4 $11) 20... g6 $15 21. f4 Nd5 {[%cal Bb6d5,Bd5f6,Bf6h5][%mdl 32]} (21... Bg7 $5 {[%cal Rf7f6]} 22. Qb3 Qh4 $11) 22. Rab1 b6 23. Be4 Rc8 24. Qd3 Bg7 25. c4 Nf6 26. Bf3 Qd7 27. f5 Nh5 28. Rbd1 Rcd8 {[#] Threatens to win with ...Rxe5!} 29. Qe4 {aiming for Bxh5.} f6 $2 {[%mdl 8192]} (29... Nf6 $11 {and Black has nothing to worry.} 30. Qf4 (30. Qxc6 Qxf5 31. Kg2 Re6 $15) 30... Qxf5 31. Qxf5 gxf5) 30. fxg6 $18 fxe5 31. gxh7+ ({Less strong is} 31. Bxh5 Kh8 $18) 31... Kh8 {[%cal Re5d4]} 32. Bxh5 Rf8 {[%cal Re5d4]} 33. dxe5 Qe6 {Now ...Rxd1 and Black clings on.} 34. Rxd8 Rxd8 35. Bg4 Qe7 36. f4 c5 (36... Qh4 $142 37. Qe2 Bf8) 37. Bf3 Rd4 38. Qf5 {[#] Strongly threatening Bd5.} Rd2 $2 (38... Qh4 39. Rg1 Rxf4) 39. Qg4 Rd4 40. Bd5 Kxh7 41. Rg1 {White mates.} Qf8 42. Qg6+ Kh8 43. Be4 {Precision: White = 31%, Black = 32%.} (43. Qh5+ $142 Bh6 44. Rg8+ Qxg8 45. Qxh6+ Qh7 46. Qf8+ Qg8 47. Qxg8#) 1-0

[Event "18th Cvijet Mediterana 2018"]
[Site "Rijeka"]
[Date "2018.02.27"]
[Round "4"]
[White "Tomilova, Elena"]
[Black "Prudnykova, Olga"]
[Result "1-0"]
[WhiteElo "2331"]
[BlackElo "2282"]
[Annotator "TA"]
[PlyCount "95"]
[EventDate "2018.??.??"]
[EventCountry "CRO"]
[SourceTitle "playchess.com"]
[Source "ChessBase"]
[SourceQuality "1"]

{[%evp 16,95,29,25,37,22,26,20,60,40,100,99,120,124,120,124,116,116,228,210,212,95,157,145,142,148,158,158,273,280,260,275,387,383,385,331,370,356,375,351,369,341,416,375,360,349,539,537,535,531,534,533,524,508,593,547,553,527,736,589,822,804,875,585,2035,1866,1856,1497,1291,1442,1291,923,29978,29979,29991,29992,29992,29993,29997,29998,29998,29999]} 1. d4 Nf6 2. Bg5 c5 3. Bxf6 gxf6 4. d5 Qb6 5. Qc1 f5 6. c4 Bg7 7. Nc3 {A45: Trompowsky Attack} d6 8. e3 Nd7 9. Qc2 {LiveBook: 41 Games. White has an edge.} (9. Nge2 Nf6 10. Nf4 e5 11. Nd3 Bd7 12. Be2 h5 13. Qc2 h4 14. Rb1 Qc7 {½-½ (54) Vitiugov,N (2726)-Svane,R (2555) Doha 2016}) 9... a6 10. Nge2 $146 ({Predecessor:} 10. h3 Qa5 11. Nf3 b5 12. cxb5 axb5 13. Bxb5 Rb8 14. Bxd7+ Bxd7 {1-0 (38) Georgiev,V (2512)-Stavrev,N (2304) Plovdiv 2004}) 10... Nf6 11. Nf4 h5 12. Bd3 Ne4 (12... Bd7 $14) 13. O-O $16 Nxc3 14. bxc3 Qa5 15. Rfc1 h4 16. Rab1 ({But not} 16. Bxf5 Bxf5 17. Qxf5 Bxc3 $14) 16... e6 (16... Be5 $16 {was called for.} 17. Bxf5 Bxf5 18. Qxf5 b5) 17. dxe6 $18 fxe6 {[#]} 18. Be2 (18. e4 $1 $18 {and the rest is easy.}) 18... O-O (18... Be5 $142) 19. Ng6 Rf7 20. Nxh4 Qd8 21. g3 e5 (21... b5 $16 22. Qb3 (22. cxb5 axb5 23. Bxb5 Bb7 $16) 22... Qf6) 22. Bh5 {[%cal Be2h5,Bh5g6,Bg6f5,Bf5d7,Bd7c6][%mdl 32]} Rf6 23. Bg6 e4 (23... Qd7 {is a better defense.} 24. Rd1 Bf8) 24. Qd1 Rb8 25. Qh5 Kf8 26. Nxf5 Bxf5 27. Bxf5 Qe7 28. Qg4 Re8 29. Bd7 Rb8 {[#]} 30. Bc6 $1 {[%mdl 512]} b5 (30... Qe6 {might work better.} 31. Qxe4 Qxe4 32. Bxe4 b6) (30... bxc6 31. Rxb8+) 31. cxb5 axb5 32. Rxb5 Rxb5 33. Qc8+ Kf7 34. Bxb5 d5 35. Rd1 Rd6 36. Qxc5 Qe5 37. a4 Ke6 38. Qc8+ Kf7 39. Qc7+ Ke6 40. c4 d4 41. c5 Rd5 42. Qb6+ Kf5 43. exd4 Rxd4 44. Bd7+ {White mates.} Kg5 45. h4+ Kh5 46. Rxd4 Qxd4 47. Be8+ Kg4 48. Qe6+ {Precision: White = 76%, Black = 23%.} 1-0

[Event "18th Cvijet Mediterana 2018"]
[Site "Rijeka"]
[Date "2018.02.27"]
[Round "4"]
[White "Doluhanova, Evgeniya"]
[Black "Medic, Mirjana"]
[Result "1/2-1/2"]
[WhiteElo "2319"]
[BlackElo "2131"]
[Annotator "TA"]
[PlyCount "61"]
[EventDate "2018.??.??"]
[EventCountry "CRO"]
[SourceTitle "playchess.com"]
[Source "ChessBase"]
[SourceQuality "1"]

{[%evp 11,61,4,9,-33,-18,-25,-29,-39,-37,-41,-37,-52,-45,-81,-53,-121,0,0,0,0,0,0,6,0,7,8,6,0,0,0,0,0,0,0,0,0,0,0,3,0,0,-22,0,-65,-54,-85,-50,-50,0,-25,0,-31]} 1. e4 e6 2. d4 d5 3. Bd3 c5 4. exd5 exd5 5. dxc5 Bxc5 6. Nc3 Nf6 {LiveBook: 30 Games} 7. Qe2+ {C01: French: Exchange Variation} (7. Nf3 h6 8. Qe2+ Be6 9. Be3 Qb6 10. Bxc5 Qxc5 11. Bf5 O-O 12. Bxe6 Re8 13. O-O-O Rxe6 14. Qb5 Qxb5 15. Nxb5 {1-0 (51) Ginsburg,G (2504)-Baskin,R (2328) Berlin 2015}) 7... Be6 8. Nf3 O-O 9. Bg5 {Black has an edge.} h6 10. Bh4 Nc6 11. O-O-O Re8 12. Rhe1 Be7 $146 ({Find the theoretical novelty and annotate with similar games:} 12... Bb4 13. Bb5 g5 14. Nxg5 Bxc3 15. bxc3 {0-1 (27) Gurevich,D (2078)-Evans,B (2262) Berkeley 2011}) 13. Bc4 (13. Qd2 $15) 13... Qa5 ({Black should play} 13... g5 $17 14. Bg3 Bb4) 14. Bxf6 $11 dxc4 15. Bxe7 Rxe7 16. Qd2 Rd7 17. Qf4 Rad8 18. Rxd7 Rxd7 19. Ne5 Nxe5 20. Qxe5 Qd8 21. f3 Rd2 22. Re2 Rxe2 23. Nxe2 Qh4 {[%cal Rh4e1] [#]} 24. Qg3 Qd8 25. Qf4 Qa5 {[%cal Ra5e1]} 26. Nc3 Qb6 27. Qg3 (27. Nd1 $11) 27... Qe3+ $15 28. Kd1 Qg1+ 29. Kd2 Qb6 30. Nd1 Qa5+ 31. Nc3 {Precision: White = 36%, Black = 58%.} 1/2-1/2

[Event "18th Cvijet Mediterana 2018"]
[Site "Rijeka"]
[Date "2018.02.27"]
[Round "4"]
[White "Tsatsalashvili, Keti"]
[Black "Berke, Ana"]
[Result "0-1"]
[WhiteElo "2307"]
[BlackElo "2151"]
[Annotator "ChessBase"]
[PlyCount "132"]
[EventDate "2018.??.??"]
[EventCountry "CRO"]
[SourceTitle "playchess.com"]
[Source "ChessBase"]
[SourceQuality "1"]
[TimeControl "5400+30"]

1. d4 Nf6 2. c4 c5 3. d5 b5 4. g3 d6 5. Bg2 g6 6. cxb5 a6 7. b6 Nbd7 8. Bd2 Qxb6 9. Bc3 a5 10. Nf3 Bg7 11. Na3 a4 12. Nd2 O-O 13. Ndc4 Qa6 14. O-O Nb6 15. Na5 Nfxd5 16. Bxg7 Kxg7 17. N5c4 Bb7 18. Rc1 Nf6 19. f3 d5 20. Ne5 Rac8 21. Bh3 e6 22. e3 Rfd8 23. Rf2 Nbd7 24. Bf1 c4 25. Ng4 Qb6 26. Rc3 Nxg4 27. fxg4 e5 28. Bg2 Nc5 29. Qf1 Qe6 30. g5 Qe7 31. Rcc2 Nd3 32. Rf6 e4 33. Nb5 Rc6 34. Rxc6 Bxc6 35. Nd4 Bd7 36. h4 Qd6 37. Kh2 Rb8 38. Qa1 f6 39. gxf6+ Qxf6 40. Rd2 h6 41. Rd1 Rxb2 42. Rf1 Rf2 43. Rxf2 Nxf2 44. Qe1 g5 45. h5 Bg4 46. Qa5 Bxh5 47. Qxd5 Bf7 48. Qd7 h5 49. Nf5+ Kh7 50. Nd6 Ng4+ 51. Kh3 Nf2+ 52. Kh2 Ng4+ 53. Kh3 Nf2+ 54. Kh2 Kg6 55. Nxe4 Nxe4 56. Bxe4+ Kg7 57. Qxa4 Qf2+ 58. Bg2 Qxe3 59. Qd1 Qe5 60. Kh1 c3 61. a4 Qc5 62. Qa1 Bd5 63. a5 Kg6 64. a6 c2 65. Bxd5 Qxd5+ 66. Kh2 Qd2+ 0-1

[Event "18th Cvijet Mediterana 2018"]
[Site "Rijeka"]
[Date "2018.02.27"]
[Round "4"]
[White "Velickovski-Nejkovic, Maja"]
[Black "Cvitan, Ena"]
[Result "1-0"]
[WhiteElo "2186"]
[BlackElo "2222"]
[Annotator "NA RC"]
[PlyCount "59"]
[EventDate "2018.??.??"]
[EventCountry "CRO"]
[SourceTitle "playchess.com"]
[Source "ChessBase"]
[SourceQuality "1"]
[TimeControl "5400+30"]

1. c4 e6 2. Nc3 d5 3. d4 a6 4. cxd5 exd5 5. Bf4 {D31: Queen's Gambit Declined: Semi-Slav without ...Nf6 (+ Marshall Gambit and Noteboom) and Exchange Variation lines without ...Nf6} Nf6 6. e3 Bd6 7. Bg3 O-O 8. Bd3 Qe7 $146 ({Predecessor:} 8... Bg4 9. Nge2 Re8 10. Rc1 Bxe2 11. Nxe2 c6 12. Qb3 Qa5+ {1-0 (38) Volkov,S (2610)-Ivanisevic,I (2655) Legnica 2013}) 9. Nge2 Be6 10. Qc2 Nbd7 11. Bh4 h6 12. g4 c5 13. g5 Ne4 14. Bxe4 dxe4 15. Qxe4 hxg5 16. Bg3 f5 17. Bxd6 Qxd6 (17... fxe4 $2 {verliert.} 18. Bxe7 Rfe8 19. Bxc5 $18) 18. Qg2 f4 19. Qxg5 Rf5 20. Qh4 b5 21. Nxf4 cxd4 22. O-O-O Rxf4 23. exf4 Qc5 24. f5 Bd5 {[#]} 25. Rhg1 $1 dxc3 26. f6 cxb2+ 27. Kxb2 Qc4 28. Rxg7+ Kf8 29. Qxc4 $18 bxc4 30. Rxd7 1-0

[Event "18th Cvijet Mediterana 2018"]
[Site "Rijeka"]
[Date "2018.02.27"]
[Round "4"]
[White "Kejzar, Petra"]
[Black "Vujnovic, Patricija"]
[Result "1/2-1/2"]
[WhiteElo "2039"]
[BlackElo "2083"]
[Annotator "NA RC"]
[PlyCount "94"]
[EventDate "2018.??.??"]
[EventCountry "CRO"]
[SourceTitle "playchess.com"]
[Source "ChessBase"]
[SourceQuality "1"]
[TimeControl "5400+30"]

1. e4 Nf6 2. e5 Nd5 3. d4 d6 4. c4 Nb6 5. exd6 cxd6 6. Nc3 g6 7. Be3 Bg7 8. Rc1 O-O 9. b3 Bf5 10. Nf3 {B03: Alekhine's Defence: Four Pawns Attack} (10. d5 e5 11. dxe6 Bxe6 12. Nge2 d5 13. c5 Nc6 14. Nd4 Bxd4 15. Bxd4 Re8 16. cxb6 Qh4 17. Ne2 axb6 {1-0 (38) Xiong,J (2618)-Kamsky,G (2678) Saint Louis 2016}) 10... d5 11. c5 Nc8 12. b4 a6 13. Qb3 Be4 $146 ({Predecessor:} 13... e6 14. Be2 Nc6 15. O-O Bg4 16. Rfd1 N8e7 17. b5 axb5 18. Nxb5 {0-1 (46) Burrows,M (2113)-Sarkar,J (2390) Reykjavik 2017}) 14. Nxe4 dxe4 15. Ne5 Nc6 16. Nxc6 bxc6 17. Bc4 e6 18. O-O Ne7 19. Rfd1 Nd5 20. a3 f5 21. Bxd5 exd5 22. Bf4 g5 23. Bd6 Rf7 24. Rb1 f4 25. a4 f3 (25... Rb7 $11 {keeps the balance.}) 26. b5 axb5 27. axb5 Bf8 28. Bxf8 Kxf8 29. bxc6 Rc8 30. Qb6 Rfc7 (30... Qf6 $16 {was worth a try.}) 31. Ra1 (31. gxf3 $18 exf3 32. Qb3) 31... Qf6 $1 32. Ra7 Rxa7 33. Qxa7 Qe6 34. Qd7 Rxc6 35. Qxe6 $2 ({Better is} 35. Qxh7 $18 Rc8 36. gxf3) 35... Rxe6 36. gxf3 exf3 37. h3 h5 38. Kh2 g4 {[#]} (38... Re4 $11 {keeps the balance.}) 39. hxg4 ({Günstiger ist} 39. Rc1 $1 $16) 39... hxg4 40. Kg3 Re4 $1 41. Kh4 Ke7 42. Kg5 Kd7 43. Kf6 Re2 44. Kf5 Re4 45. Kg5 Kc6 46. Kf5 Kb5 47. Rb1+ Kc6 $11 1/2-1/2

[Event "18th Cvijet Mediterana 2018"]
[Site "Rijeka"]
[Date "2018.02.28"]
[Round "5"]
[White "Prudnykova, Olga"]
[Black "Kejzar, Petra"]
[Result "1/2-1/2"]
[WhiteElo "2282"]
[BlackElo "2039"]
[Annotator "TA"]
[PlyCount "37"]
[EventDate "2018.??.??"]
[EventCountry "CRO"]
[SourceTitle "playchess.com"]
[Source "ChessBase"]
[SourceQuality "1"]

{[%evp 23,37,2,0,-30,-15,-79,-82,-81,-89,-78,-62,-60,-45,-25,-27,-44]} 1. e4 c5 2. Nf3 e6 3. d4 cxd4 4. Nxd4 a6 5. Nc3 Qc7 6. Bd3 Nf6 7. f4 d6 8. Qf3 Nc6 {B82: Sizilianisch (Scheveninger System)} (8... b5 9. g4 Bb7 10. g5 Nfd7 11. Be3 Nc5 12. Bd2 Nbd7 13. b4 Nxd3+ 14. cxd3 g6 15. Rc1 Qd8 16. h4 Bg7 {½-½ (37) Fedorchuk,S (2657)-Van Wely,L (2653) Rabat 2015}) 9. Nb3 b5 10. g4 {[%cal Bg2g4,Bg4g5][%mdl 32]} Bb7 11. g5 Nd7 12. Be3 Nc5 {LiveBook: 3 Partien} 13. Qh3 {[#]} Nb4 $146 ({Vorgänger:} 13... Be7 14. g6 fxg6 15. Nxc5 dxc5 16. Qxe6 Nd4 17. Bxd4 cxd4 18. Nd5 Bxd5 19. Qxd5 {1-0 (32) Savitskiy,S (2412)-Iljiushenok,I (2519) Sochi 2017}) 14. Nxc5 (14. Rd1 $11 {hält das Gleichgewicht.}) 14... dxc5 $17 15. a3 Nxd3+ 16. cxd3 Rd8 17. Rd1 b4 18. axb4 cxb4 19. Ne2 1/2-1/2